Built to Last (Record no. 10490)

MARC details
000 -LEADER
fixed length control field 00415nam a22001817a 4500
003 - CONTROL NUMBER IDENTIFIER
control field OSt
008 - FIXED-LENGTH DATA ELEMENTS--GENERAL INFORMATION
fixed length control field 210223b ||||| |||| 00| 0 eng d
020 ## - INTERNATIONAL STANDARD BOOK NUMBER
International Standard Book Number 9781844135844
082 ## - DEWEY DECIMAL CLASSIFICATION NUMBER
Classification number 650.11 COB
100 ## - MAIN ENTRY--PERSONAL NAME
Personal name COLLINS,JIM
245 ## - TITLE STATEMENT
Title Built to Last
250 ## - EDITION STATEMENT
Edition statement -
260 ## - PUBLICATION, DISTRIBUTION, ETC. (IMPRINT)
Place of publication, distribution, etc London
Name of publisher, distributor, etc Harper Collins Publishers
Date of publication, distribution, etc 1994
300 ## - PHYSICAL DESCRIPTION
Extent 342
650 ## - SUBJECT ADDED ENTRY--TOPICAL TERM
Topical term or geographic name as entry element GENERAL
700 ## - ADDED ENTRY--PERSONAL NAME
Personal name PORRAS,Jerry I
942 ## - ADDED ENTRY ELEMENTS (KOHA)
Source of classification or shelving scheme Dewey Decimal Classification
Koha item type Text Books
942 ## - ADDED ENTRY ELEMENTS (KOHA)
-- 1
Holdings
Withdrawn status Lost status Source of classification or shelving scheme Damaged status Not for loan Collection code Home library Current library Date acquired Source of acquisition Currency Cost, normal purchase price Bill Number Total Checkouts Full call number Acc. no. / Barcode Date last seen Actual Cost, discounted price Bill Date Koha item type Public note Checked out Date last borrowed
    Dewey Decimal Classification     GENERAL PIET C-LIBRARY PIET C-LIBRARY 10/02/2021 Kirti Praskshan IN Rupees 999.00 IN1559   650.11 COB 32565 23/02/2021 699.30 10/02/2021 Text Books Stories and Novels    
    Dewey Decimal Classification     GENERAL PIET C-LIBRARY PIET C-LIBRARY 10/02/2021 Kirti Praskshan IN Rupees 999.00 IN1559 2 650.11 COB 32566 13/01/2024 699.30 10/02/2021 Text Books . 11/07/2024 13/01/2024

Design & Developed by: PIET Central Library
R70 Miles Stone Pattikalyana Samalkha Panipat 132102
mail ID :- [email protected], Phone No:- 0180-2569700 Ex.216